000 00391nam a2200157Ia 4500
008 231217s9999 xx 000 0 und d
020 _a81-8382-015-8
041 _aEnglish
082 _a658.82 ALL R
100 _aAllen, Michael E
245 0 _aHow to promote and advertise
260 _c2006
_bLotus Press
_aNew Delhi
300 _a115
650 _apromote,advertise
942 _cAA
999 _c177626
_d177626